| 000 | 00344nam a22001457a 4500 | ||
|---|---|---|---|
| 003 | SGT | ||
| 020 | _a9789388322560 | ||
| 082 |
_a350.954 _bT19B |
||
| 100 | _aBHATNAGAR, ASWINI | ||
| 245 | _aTHE LOTUS YEARS : POLITICAL LIFE IN INDIA | ||
| 260 |
_bHACHETTE BOOK PUBLISHER _c2019 |
||
| 300 | _a320 | ||
| 650 | _aSOCIAL SCIENCE | ||
| 942 |
_2ddc _cBK |
||
| 999 |
_c27727 _d27727 |
||